00321nam a22001337a 4500003000400000005001700004008004100021020001800062040001000080100001400090245003200104260004300136300000800179OSt20260326145151.0260326b |||||||| |||| 00| 0 eng d a9789393168283 cIIMTU aB D Singh aText Book Of Plant Breeding aNew DelhibMedtech Science Pressc2023 a589